<?xml version="1.0" encoding="UTF-8"?>
<record
    xmlns:xsi="http://www.w3.org/2001/XMLSchema-instance"
    xsi:schemaLocation="http://www.loc.gov/MARC21/slim http://www.loc.gov/standards/marcxml/schema/MARC21slim.xsd"
    xmlns="http://www.loc.gov/MARC21/slim">

  <leader>02480cam a2200301 a 4500</leader>
  <controlfield tag="001">000011631</controlfield>
  <controlfield tag="005">20200929162517.0</controlfield>
  <controlfield tag="008">000720s1997    ck a     b    101 0 spa d</controlfield>
  <datafield tag="020" ind1=" " ind2=" ">
    <subfield code="a">9589057705</subfield>
  </datafield>
  <datafield tag="035" ind1=" " ind2=" ">
    <subfield code="a">(OCoLC)ocm46841218</subfield>
  </datafield>
  <datafield tag="040" ind1=" " ind2=" ">
    <subfield code="a">DO-SdBNP</subfield>
    <subfield code="c">PBR</subfield>
    <subfield code="d">DLC</subfield>
  </datafield>
  <datafield tag="042" ind1=" " ind2=" ">
    <subfield code="a">lccopycat</subfield>
  </datafield>
  <datafield tag="082" ind1=" " ind2=" ">
    <subfield code="a">658.4012</subfield>
    <subfield code="b">E82</subfield>
  </datafield>
  <datafield tag="245" ind1="0" ind2="0">
    <subfield code="a">Estrateg&#xED;a, competitividad e inform&#xE1;tica /</subfield>
    <subfield code="c">&#xC1;lvaro H. Galvis Panqueva, &#xC1;ngela Ma. Espinosa Salazar, compiladores.</subfield>
  </datafield>
  <datafield tag="260" ind1=" " ind2=" ">
    <subfield code="a">Santaf&#xE9; de Bogota :</subfield>
    <subfield code="b">Ediciones Uniandes,</subfield>
    <subfield code="c">1997.</subfield>
  </datafield>
  <datafield tag="300" ind1=" " ind2=" ">
    <subfield code="a">xvi, 384 p. :</subfield>
    <subfield code="b">il. ;</subfield>
    <subfield code="c">24 cm. +</subfield>
    <subfield code="e">1 floppy disk (3 1/2 in.)</subfield>
  </datafield>
  <datafield tag="504" ind1=" " ind2=" ">
    <subfield code="a">Incluye bibliograf&#xED;a e &#xED;ndice.</subfield>
  </datafield>
  <datafield tag="505" ind1="2" ind2="0">
    <subfield code="t">Papel de la tecnolog&#xED;a de informaci&#xF3;n en la transformaci&#xF3;n latinoamericana de los anos 90 /</subfield>
    <subfield code="r">Marilyn Ehrhardt --</subfield>
    <subfield code="t">La innovaci&#xF3;n tecnol&#xF3;gica, instrumento preestrat&#xE9;gico: un modelo sociot&#xE9;cnico /</subfield>
    <subfield code="r">Fernando S&#xE1;ez Vacas --</subfield>
    <subfield code="t">Gerencia estrat&#xE9;gica: punto de vista cibern&#xE9;tico /</subfield>
    <subfield code="r">Raul Espejo y Markus Schwaninger --</subfield>
    <subfield code="t">Mas all&#xE1; de las modas administrativas: el pensamiento sist&#xE9;mico para los administradores / Mike C. Jackson --</subfield>
    <subfield code="t">La reingenieria de procesos y las disciplinas de las organizaciones que aprenden /</subfield>
    <subfield code="r">Gustavo Estrada --</subfield>
    <subfield code="t">Reingenier&#xED;a en Colombia: motivaciones y problemas /</subfield>
    <subfield code="r">Ra&#xFA;l Sanabria y Humberto Serna G&#xF3;mez.</subfield>
  </datafield>
  <datafield tag="505" ind1="2" ind2="0">
    <subfield code="t">El sentido com&#xFA;n y los procesos de pensamiento /</subfield>
    <subfield code="r">Alejandro Fern&#xE1;ndez R. --</subfield>
    <subfield code="t">Planeaci&#xF3;n de sistemas estrat&#xE9;gicos de informaci&#xF3;n: una visi&#xF3;n cibern&#xE9;tica /</subfield>
    <subfield code="r">&#xC1;ngela Espinosa --</subfield>
    <subfield code="t">Tranformaci&#xF3;n de las organizaciones humanas con tecnolog&#xED;a: una propuesta conceptual y metodol&#xF3;gica /</subfield>
    <subfield code="r">Pierre Jacob --</subfield>
    <subfield code="t">La transferencia de tecnolog&#xED;a inform&#xE1;tica: una forma de aprendizaje organizacional /</subfield>
    <subfield code="r">Alberto Garc&#xED;a Arango --</subfield>
    <subfield code="t">La tecnolog&#xED;a de la informacion y su relaci&#xF3;n con las transformaciones de los modelos organizacionales, gerenciales y de gesti&#xF3;n humana /</subfield>
    <subfield code="r">Luis H. Franco M.</subfield>
  </datafield>
  <datafield tag="505" ind1="2" ind2="0">
    <subfield code="t">El Intercambio Electr&#xF3;nico de Documentos-EDI- una tecnolog&#xED;a que revoluciona las relaciones comerciales /</subfield>
    <subfield code="r">Martha I. Giraldo Jaramillo --</subfield>
    <subfield code="t">MRP II: una evaluaci&#xF3;n crt&#xED;ca del proceso /</subfield>
    <subfield code="r">Fernando Hurtado G.</subfield>
  </datafield>
  <datafield tag="650" ind1=" " ind2="4">
    <subfield code="a">Planificaci&#xF3;n estrat&#xE9;gica</subfield>
    <subfield code="v">CONGRESOS</subfield>
    <subfield code="9">27543</subfield>
  </datafield>
  <datafield tag="650" ind1=" " ind2="4">
    <subfield code="a">Cambio organizacional</subfield>
    <subfield code="v">CONGRESOS</subfield>
    <subfield code="9">27544</subfield>
  </datafield>
  <datafield tag="650" ind1=" " ind2="4">
    <subfield code="a">Aprendizaje organizacional</subfield>
    <subfield code="v">CONGRESOS</subfield>
    <subfield code="9">27545</subfield>
  </datafield>
  <datafield tag="700" ind1="1" ind2=" ">
    <subfield code="a">Galvis Panqueva, &#xC1;lvaro.</subfield>
    <subfield code="e">comp.</subfield>
    <subfield code="9">27546</subfield>
  </datafield>
  <datafield tag="700" ind1="1" ind2=" ">
    <subfield code="a">Espinosa Salazar, &#xC1;ngela Ma.</subfield>
    <subfield code="e">comp.</subfield>
    <subfield code="q">(Angela Mar&#xED;a)</subfield>
    <subfield code="9">27547</subfield>
  </datafield>
  <datafield tag="910" ind1=" " ind2=" ">
    <subfield code="a">Catalogaci&#xF3;n por copia / LC</subfield>
  </datafield>
  <datafield tag="049" ind1=" " ind2=" ">
    <subfield code="a">BNGR</subfield>
  </datafield>
  <datafield tag="952" ind1=" " ind2=" ">
    <subfield code="0">0</subfield>
    <subfield code="1">0</subfield>
    <subfield code="5">2</subfield>
    <subfield code="7">0</subfield>
    <subfield code="8">MO</subfield>
    <subfield code="a">GR</subfield>
    <subfield code="b">GR</subfield>
    <subfield code="c">CT</subfield>
    <subfield code="d">2009-10-21</subfield>
    <subfield code="i">LF1</subfield>
    <subfield code="l">0</subfield>
    <subfield code="o">658.4012 E82</subfield>
    <subfield code="p">11631-10</subfield>
    <subfield code="r">2020-06-25</subfield>
    <subfield code="w">2020-06-25</subfield>
    <subfield code="y">2</subfield>
    <subfield code="Z">Pr&#xE9;stamo interno</subfield>
  </datafield>
  <datafield tag="999" ind1=" " ind2=" ">
    <subfield code="c">11324</subfield>
    <subfield code="d">11324</subfield>
  </datafield>
</record>
